000 00728nam a2200205 a 4500
001 000016251
005 20200929164334.0
008 100302s2008 mx 000 0 spa d
020 _a9789802934676
040 _aDO-SdBNP
_bspa
_cBNPHU
082 _axxxx
_bB142s
100 1 _aBáez, Fernando
_936307
245 1 3 _aEl saqueo cultural de América Latina :
_bde la conquista a la globalización /
_cFernando Báez.
260 _aCaracas, Venezuela :
_bDebate,
_c2008.
300 _a408 p. ;
_c23 cm.
500 _aIncluye datos biográficos del autor en la solapa de la cubierta
504 _aIncluye referencias bibliográficas
590 _aLa biblioteca nacional posee 1 ejemplar autográfiado por el autor
049 _aBNPD
999 _c15788
_d15788